Catalog

Record Details

Catalog Search



Available copies

  • 1 of 1 copy available at LARL/NWRL Consortium.

Current holds

0 current holds with 1 total copy.

Show Only Available Copies
Location Call Number / Copy Notes Barcode Shelving Location Status Due Date
Godel Memorial-Warren Library READER j 577.54 GRA (Text) 35500001398245 Main Available -

Record details

  • ISBN: 0756500192 (hardcover : lib. bdg.)
  • Physical Description: 48 p. : col. ill. ; 23 cm.
  • Publisher: Minneapolis, Minn. : Compass Point Books, c2001.

Content descriptions

Bibliography, etc. Note:
Includes bibliographical references (p. 47) and ... Read More
Summary, etc.:
Describes some of the main deserts around the ... Read More
Subject: Desert ecology > Juvenile literature.
Deserts > Juvenile literature.
Deserts.
Desert ecology.
Ecology.
LDR 01261nam a22003134a 4500
00145243
003LARL_NWRL_CONSORTIUM
00520010417122356.0
008000302s2001 mnua b b 001 0 eng
020 . ‡a0756500192 (hardcover : lib. bdg.)
03500. ‡ilcmarc/AYN-1169/NWRLTECH
042 . ‡apcc ‡alcac
08200. ‡a577.54 ‡221
099 . ‡aj 577.54 ‡bGRA
1001 . ‡aGray, Susan Heinrichs. ‡0(LARL_NWRL_CONSORTIUM)114104
24510. ‡aDeserts / ‡cby Susan H. Gray.
260 . ‡aMinneapolis, Minn. : ‡bCompass Point Books, ‡cc2001.
300 . ‡a48 p. : ‡bcol. ill. ; ‡c23 cm.
4900 . ‡aFirst reports
504 . ‡aIncludes bibliographical references (p. 47) and index.
520 . ‡aDescribes some of the main deserts around the world, how deserts are formed, and some of the plants and animals found in these dry areas.
650 0. ‡aDesert ecology ‡vJuvenile literature. ‡0(LARL_NWRL_CONSORTIUM)164585
650 0. ‡aDeserts ‡vJuvenile literature. ‡0(LARL_NWRL_CONSORTIUM)164586
650 1. ‡aDeserts. ‡0(LARL_NWRL_CONSORTIUM)18439
650 1. ‡aDesert ecology. ‡0(LARL_NWRL_CONSORTIUM)18430
650 1. ‡aEcology. ‡0(LARL_NWRL_CONSORTIUM)18966
901 . ‡a45243 ‡bISxN ‡c45243 ‡tbiblio

Additional Resources